Magnetic Properties of Layered Transition Metal Compounds /

Gespeichert in:
Bibliographische Detailangaben
1. Verfasser: Jongh, L.J. de (Verfasst von)
Format: Buch
Sprache:Englisch
Veröffentlicht: Dordrecht : Kluwer Academic Publishers, 1990
Schriftenreihe:Physics and Chemistry of Materials with Low-Dimensional Structures Vol.9
Tags: Tag hinzufügen
Keine Tags, Fügen Sie das erste Tag hinzu!

MARC

LEADER 00000nam a22000003a 4500
001 stu19226
005 20150617225755.6
008 920727s1990----ne------------------eng-d
020 |a 0-7923-0238-9 
040 |a STU  |b slo 
041 0 |a eng 
044 |a ne 
080 |a 541.49  |7 stu_us_auth*stu15552 
100 1 |a Jongh, L.J. de  |4 aut 
245 1 |a Magnetic Properties of Layered Transition Metal Compounds /  |c [aut.]Jongh,L.J. de 
260 |a Dordrecht :  |b Kluwer Academic Publishers,  |c 1990 
300 |a 419 s :  |b Tab.,grafy,lit.,index 
830 0 |a Physics and Chemistry of Materials with Low-Dimensional Structures  |v Vol.9 
996 |b C89927  |c C*89927  |l CCIII  |s P  |a 0  |w stu19226_0001